书目信息 |
| 题名: |
英美文学简史
|
|
| 作者: | 刘旸 , 王冬辉 , 贾虹 主编 | |
| 分册: | ||
| 出版信息: | 天津 天津大学出版社 2010.08 |
|
| 页数: | 144页 | |
| 开本: | 21cm | |
| 丛书名: | ||
| 单 册: | ||
| 中图分类: | H319.4:I | |
| 科图分类: | ||
| 主题词: | 英语--ying yu--阅读教学--高等学校--教材 , 文学史--wen xue shi--阅读教学--高等学校--英国--教材 , 文学史--wen xue shi--阅读教学--高等学校--美国--教材 | |
| 电子资源: | ||
| ISBN: | 978-7-5618-3617-0 | |
| 000 | 01178nam0 2200301 450 | |
| 001 | 012011516816 | |
| 005 | 20110105132946.85 | |
| 010 | @a978-7-5618-3617-0@dCNY15.00 | |
| 100 | @a20110105d2010 em y0chiy0120 ea | |
| 101 | 0 | @achi@aeng |
| 102 | @aCN@b120000 | |
| 105 | @ay z 000yy | |
| 106 | @ar | |
| 200 | 1 | @a英美文学简史@Aying mei wen xue jian shi@d= English literature recorded in a nutshell@f刘旸, 王冬辉, 贾虹主编@Fliu yang,wang dong hui,jia hong zhu bian@Feng |
| 210 | @a天津@c天津大学出版社@d2010.08 | |
| 215 | @a144页@d21cm | |
| 300 | @a大学英语选修教材 | |
| 330 | @a本书主要介绍英美等英语国家的文学史,分10单元学习,每单元安排有常识预习、专题讲座,复习反馈,课题作业和自主拓展五个项目等。 | |
| 510 | 1 | @aEnglish literature recorded in a nutshell@zeng |
| 606 | 0 | @a英语@Aying yu@x阅读教学@x高等学校@j教材 |
| 606 | 0 | @a文学史@Awen xue shi@x阅读教学@x高等学校@y英国@j教材 |
| 606 | 0 | @a文学史@Awen xue shi@x阅读教学@x高等学校@y美国@j教材 |
| 690 | @aH319.4:I@v4 | |
| 701 | 0 | @a刘旸@Aliu yang@4主编 |
| 701 | 0 | @a王冬辉@Awang dong hui@4主编 |
| 701 | 0 | @a贾虹@Ajia hong@4主编 |
| 801 | 0 | @aCN@bRULIN@c20110105 |
| 905 | @b791296-98@dH319.4:I@eL712@f3 | |
| 英美文学简史= English literature recorded in a nutshell/刘旸, 王冬辉, 贾虹主编.-天津:天津大学出版社,2010.08 |
| 144页;21cm |
| 大学英语选修教材 |
| ISBN 978-7-5618-3617-0:CNY15.00 |
| 本书主要介绍英美等英语国家的文学史,分10单元学习,每单元安排有常识预习、专题讲座,复习反馈,课题作业和自主拓展五个项目等。 |
| ● |
| 相关链接 |
|
|
|
正题名:英美文学简史
索取号:H319.4:I/L712
 
预约/预借
| 序号 | 登录号 | 条形码 | 馆藏地/架位号 | 状态 | 备注 |
| 1 | 791296 | 207912963 | 语言库209/209语言库 54排3列4层/ [索取号:H319.4:I/L712] | 在馆 | |
| 2 | 791297 | 207912972 | 语言库209/209语言库 54排3列4层/ [索取号:H319.4:I/L712] | 在馆 | |
| 3 | 791298 | 207912981 | 语言库209/209语言库 54排3列4层/ [索取号:H319.4:I/L712] | 在馆 |